10 villes françaises connues qui commencent par la lettre "L" - Statistiques

Statistiques générales
  • Ce quiz a été pris 63 fois
  • Le résultat moyen est 5 sur 10
Statistiques - réponses
Ville % Correct
2 Lille
96%
1 Lyon
91%
7 Lens
54%
3 Le Havre
52%
6 Le Mans
52%
4 Limoges
52%
5 La Rochelle
33%
10 Laval
33%
8 Libourne
26%
9 Lunéville
4%
Aucun quiz correspondant
Distribution des résultats
% des personnes avec chaque résultat
Percentile par nombre de réponses
Votre historique - résultats
Vous n’avez pas pris ce quiz